Fifa 16 : les défenseurs centraux à >80 de général - Statistiques

Statistiques générales
  • Ce quiz a été pris 161 fois
  • Le résultat moyen est 21 sur 81
Statistiques - réponses
Général Club Joueur % Correct
88 Paris Saint Germain Thiago Silva
96%
87 Real Madrid Sergio Ramos
93%
87 Bayern Munich Jérôme Boateng
84%
86 Borussia Dortmund Mats Hummels
84%
85 FC Barcelone Piqué
84%
87 Atletico Madrid Diego Godín
80%
86 Juventus Turin Giorgio Chiellini
80%
83 Juventus Turin Leonardo Bonucci
75%
81 Paris Saint Germain Marquinhos
70%
82 Real Madrid Raphaël Varane
64%
85 Manchester City Vincent Kompany
60%
81 Atletico Madrid José María Giménez
59%
84 Real Madrid Pepe
58%
85 Juventus Turin Andrea Barzagli
56%
85 Bayern Munich David Alaba
54%
83 Paris Saint Germain David Luiz
48%
84 Arsenal Laurent Koscielny
42%
83 Athletic Bilbao Aymeric Laporte
38%
83 FC Barcelone Javier Mascherano
38%
84 Chelsea John Terry
38%
80 Olympique Lyonnais Samuel Umtiti
36%
84 Manchester City Nicolás Otamendi
34%
82 Tottenham Jan Vertonghen
31%
84 Wolfsburg Naldo
30%
83 Arsenal Per Mertesacker
30%
84 Bayern Munich Javi Martinez
29%
82 Chelsea Gary Cahill
28%
82 FC Barcelone Jérémy Mathieu
28%
85 Atletico Madrid Miranda
28%
81 Atletico Madrid Stefan Savić
28%
83 AS Rome Kostas Manolas
27%
83 Manchester United Chris Smalling
26%
82 Tottenham Toby Alderweireld
26%
80 Wolfsburg Dante
24%
80 Real Sociedad Iñigo Martínez
24%
82 AS Saint-Etienne Loïc Perrin
24%
83 Bayern Munich Mehdi Benatia
24%
82 Torino Kamil Glik
21%
81 Liverpool Mamadou Sakho
19%
83 Borussia Dortmund Sokratis
19%
81 FC Schalke Joel Matip
16%
80 Naples Kalidou Koulibaly
14%
80 Manchester United Phil Jones
14%
81 Naples Raúl Albiol
14%
82 Valence Shkodran Mustafi
14%
80 Villarreal Eric Bailly
12%
83 FC Schalke Benedikt Höwedes
11%
83 Zenith Saint-Pétersbourg Ezequiel Garay
11%
81 Southampton José Fonte
10%
80 FC Barcelone Marc Bartra
10%
82 Borussia Dortmund Sven Bender
9%
81 Everton Phil Jagielka
8%
81 Lazio Rome Stefan de Vrij
8%
81 Liverpool Martin Škrtel
7%
81 Valence Aymen Abdennour
6%
80 Fenerbahce Simon Kjær
6%
80 FC Barcelone Thomas Vermaelen
6%
81 Swansea City Ashley Williams
4%
80 Bayern Munich Holger Badstuber
4%
82 AS Monaco Jérémy Toulalan
4%
81 Villarreal Mateo Musacchio
4%
80 Olympique de Marseille Nicolas Nkoulou
4%
80 Stoke City Ryan Shawcross
4%
80 Lokomotiv Moscou Vedran Ćorluka
4%
81 Fiorentina Gonzalo Rodríguez
3%
80 Benfica Jardel
3%
81 Bayer Leverkusen Ömer Toprak
3%
81 Paris Saint Germain Serge Aurier
3%
80 Villarreal Víctor Ruíz
3%
80 Valence Aderllan Santos
2%
80 Galatasaray Aurélien Chedjou
2%
80 Zenith Saint-Pétersbourg Javi García
2%
80 LOSC Marko Baša
2%
80 Olympique Lyonnais Maxime Gonalons
2%
80 Torino Nikola Maksimović
2%
80 West Ham Winston Reid
2%
80 FC Seville Daniel Carriço
1%
80 Valence Javi Fuego
1%
80 Borussia Dortmund Łukasz Piszczek
1%
80 Juventus Turin Martín Cáceres
1%
80 Athletic Bilbao Mikel San José
1%
Aucun quiz correspondant
Distribution des résultats
% des personnes avec chaque résultat
Percentile par nombre de réponses
Votre historique - résultats
Vous n’avez pas pris ce quiz